Chemical and bioprocess engineering: fundamental concepts for first-year students
Saved in:
| Main Authors: | , |
|---|---|
| Format: | Bog |
| Sprog: | engelsk |
| Udgivet: |
Nueva York
Springer
2013
|
| Udgivelse: | 1a. ed |
| Fag: | |
| Tags: |
Tilføj Tag
Ingen Tags, Vær først til at tagge denne postø!
|
MARC
| LEADER | 00000cam a2200000 a 4500 | ||
|---|---|---|---|
| 001 | UCE5985 | ||
| 003 | CL-VaPUC | ||
| 008 | 150319e20130000us |||||||||||||||||eng|d | ||
| 020 | |a 9781461491255 | ||
| 082 | 0 | 4 | |a 660 |b SIM |2 21 |
| 100 | 0 | |a Simpson, Ricardo |e author |9 578655 | |
| 700 | 0 | |a Sastry, Sudhir K |e author |9 578656 | |
| 245 | 1 | 0 | |a Chemical and bioprocess engineering: fundamental concepts for first-year students |
| 250 | |a 1a. ed | ||
| 300 | |a 352 p | ||
| 942 | |c BK | ||
| 945 | |d 20150319 12:57:00 |a dcastane | ||
| 260 | |a Nueva York |b Springer |c 2013 | ||
| 650 | 7 | |a INGENIERIA QUIMICA |2 CL-VaPUC |9 8 | |
| 650 | 0 | |a Ingeniería bioquímica |9 260241 | |
| 583 | |a last modification |c 20150319 12:57:00 |k Rodrigo Vera | ||
| 999 | |c 358492 |d 358490 | ||
| 952 | |0 0 |1 0 |3 erd |4 0 |6 660_000000000000000_SIM_2013 |7 0 |8 A |9 467222 |a BIBING |b BIBING |i 5141354 |o 660 SIM 2013 |p 5141354 |r 2025-01-20 |w 2019-11-23 |y BK |z Catalogado en:20150319 |k EIB | ||
| 952 | |0 0 |1 0 |3 erd |4 0 |6 660_000000000000000_SIM_2013 |7 0 |8 A |9 467223 |a BIBING |b BIBING |i 5193834 |l 5 |o 660 SIM 2013 |p 5193834 |q 2024-07-12 |r 2024-01-18 |s 2024-01-18 |w 2019-11-23 |y BK |z Catalogado en:20150813 |k EIB | ||
| 952 | |0 0 |1 0 |3 erd |4 0 |6 660_000000000000000_SIM_2013 |7 0 |8 A |9 467224 |a BIBING |b BIBING |i 5194717 |o 660 SIM 2013 |p 5194717 |r 2025-01-20 |w 2019-11-23 |y BK |z Catalogado en:20150820 |k EIB | ||
| 952 | |0 0 |1 0 |3 erd |4 0 |6 660_000000000000000_SIM_2013 |7 0 |8 A |9 467225 |a BIBING |b BIBING |i 5194725 |o 660 SIM 2013 |p 5194725 |r 2025-01-20 |w 2019-11-23 |y BK |z Catalogado en:20150820 |k EIB | ||
| 952 | |0 0 |1 0 |3 erd |4 0 |6 660_000000000000000_SIM_2013 |7 0 |8 A |9 467226 |a BIBING |b BIBING |i 5194733 |o 660 SIM 2013 |p 5194733 |r 2025-01-20 |w 2019-11-23 |y BK |z Catalogado en:20150820 |k EIB | ||